|
|
|
|
| LEADER |
01198nam a22002537a 4500 |
| 001 |
37916 |
| 003 |
BD-DhAAL |
| 008 |
220307t2021 bg a|||| |||| 00| 0 ben d |
| 999 |
|
|
|c 43677
|d 43677
|
| 020 |
|
|
|a 9789849233848
|
| 040 |
|
|
|a BD-DhAAL
|
| 041 |
|
|
|a ben
|
| 082 |
|
|
|a 614.592414
|2 23
|
| 100 |
|
|
|a কেকা, জান্নাতুল বাকেয়া
|9 46476
|
| 245 |
|
|
|a বাংলাদেশের করোনাকাল সাংবাদিকের চোখে /
|c জান্নাতুল বাকেয়া কেকা
|
| 246 |
|
|
|a Coronavirus in Bangladesh :
|b a journalist's perspective
|
| 260 |
|
|
|a ঢাকা :
|b সমাবেশ,
|c c২০২১.
|
| 300 |
|
|
|a ২১৬ পৃষ্ঠা :
|b চিত্র ;
|c ২৪ সে.মি.
|
| 541 |
|
|
|a Donated by Akbar Ali Khan
|e 37916
|
| 650 |
|
|
|a COVID-19 (Disease).
|9 46477
|
| 650 |
|
|
|a COVID-19 (Pandemic, 2020)
|x Economic aspects
|z Bangladesh.
|9 46478
|
| 852 |
|
|
|a Ayesha Abed Library
|c Akbar Ali Khan Collection
|
| 942 |
|
|
|2 ddc
|c BK
|
| 952 |
|
|
|0 0
|1 0
|2 ddc
|4 0
|6 614_592414000000000_KEK
|7 1
|9 70012
|a BRACUL
|b BRACUL
|c AAKC
|d 2022-03-07
|e Donated by Akbar Ali Khan
|l 0
|o 614.592414 KEK
|p 3010037916
|r 2022-03-07
|t 1
|w 2022-03-07
|y BK
|